[Event "ICS Rated blitz match"]
[Site "204.178.125.65"]
[Date "1999.09.29"]
[Round "?"]
[White "BoYzOnE"]
[Black "Hossa"]
[Result "0-1"]
[WhiteElo "2273"]
[BlackElo "2462"]
[Annotator "Fritz 5.32 (22s)"]
[PlyCount "80"]
[EventDate "1999.??.??"]

1. d4 Nf6 2. Nf3 g6 3. e3 Bg7 4. Bd3 O-O 5. O-O d5 6. Nbd2 Bg4 (6... c5 7. b3
cxd4 8. exd4 Nc6 9. a3 Bf5 10. Bxf5 gxf5 11. Bb2 e6 12. c4 Ne4 13. c5 Kh8 14.
b4 a6 15. Nb3 Rg8 16. Qe2 Bh6 17. Kh1 Qf6 18. Rg1 Qg6 19. Bc1 Rg7 20. Bxh6 Qxh6
21. Raf1 {Lematschko,T-Zueger,B/Biel 1987/EXT 97/0-1 (42)}) 7. h3 $146 (7. Re1
e6 8. c3 Nbd7 9. h3 Bxf3 10. Nxf3 c5 11. Bc2 a6 12. Rb1 Qc7 13. b3 Rac8 14. Bb2
cxd4 15. exd4 b5 16. Bd3 Qa5 17. a3 Rc6 18. Qe2 Qc7 19. Rbc1 Bh6 20. Rc2 Nh5
21. g3 21... Nhf6 {Heyd,H-Mayer,A/Hessen 1991/GER/ - (61)}) (7. c4 dxc4 8. Nxc4
Nc6 9. Be2 Nd5 10. h3 Bxf3 11. Bxf3 Qd7 12. Qb3 Rab8 13. Rd1 e6 14. Bd2 Rfd8
15. Rac1 Qe7 16. Bc3 Rd7 17. Nd2 Nxc3 18. Rxc3 Nb4 19. Rc5 Na6 20. Ra5 Qd8 21.
Nc4 21... c5 {Gudmundsson,A-Halfdanarson,J/Reykjavik 1969/EXT 99/1-0 (39)})
7... Bxf3 {Schwarz haelt das Heft fest in der Hand} 8. Nxf3 ({Schlechter ist} 
8. gxf3 8... Nbd7 $15) 8... Nc6 9. c4 Rc8 10. cxd5 Qxd5 11. Bd2 e5 12. Be2 $15
(12. dxe5 $5 $142 {sieht spielbar aus} 12... Ne4 13. Bxe4 Qxe4 14. Bc3 $14)
12... exd4 13. exd4 Nxd4 14. Be3 $17 (14. Nxd4 Qxd4 15. Bc3 Qxd1 16. Rfxd1
16... Rcd8 $17) 14... Nxe2+ 15. Qxe2 Rfe8 16. Qc2 a6 17. Rfd1 Qb5 18. Nd4 (18.
a4 18... Qh5 $17) 18... Qe5 19. Nf3 Qe7 20. Qb3 c6 21. Nd4 (21. Bd4 21... Ne4
$17) 21... Nd5 22. Nc2 Qe4 23. Rd4 $4 $19 {und es geht weiter bergab} (23. Re1
$17 $142) 23... Bxd4 24. Nxd4 24... Nxe3 {Mit der Mattdrohung Qxg2} 25. fxe3
Qxe3+ 26. Qxe3 Rxe3 27. Rf1 Re4 28. Nb3 Rc7 29. Nc5 Re2 30. Nd3 (30. Rf2 {
hilft auch nicht mehr} 30... Re5 31. Rc2 31... a5 $19) 30... Rd7 {
Schwarz entwickelt eine toedliche Initiative} 31. Nc5 (31. Rf3 {
aendert nichts am Ausgang der Partie} 31... Rd5 $19) 31... Rdd2 {
Droht Matt: Rxg2} 32. Rf6 (32. Kh1 {nuetzt auch nichts mehr} 32... b6 33. Nb3
33... Rxb2 $19) 32... Rxg2+ 33. Kh1 Rxb2 34. Nd7 (34. Nd3 {aendert nichts mehr}
34... Rxa2 35. Rf3 35... Rgd2 $19) 34... Rh2+ 35. Kg1 Rbg2+ 36. Kf1 36... Rxa2
{Droht Matt} 37. Kg1 Rhg2+ 38. Kh1 38... Rgd2 {Es droht Matt} 39. Rf1 Rh2+ 40.
Kg1 Rag2# 0-1

[Event "ICS Rated blitz match"]
[Site "204.178.125.65"]
[Date "1999.09.29"]
[Round "?"]
[White "BugChess"]
[Black "Hossa"]
[Result "0-1"]
[WhiteElo "2110"]
[BlackElo "2461"]
[Annotator "Fritz 5.32 (20s)"]
[PlyCount "97"]
[EventDate "1999.??.??"]

1. e4 e5 2. Nc3 Nf6 3. Nf3 Nc6 4. d4 exd4 5. Nxd4 Bb4 6. Nxc6 Bxc3+ 7. bxc3
bxc6 8. Bd3 O-O (8... Qe7 9. O-O O-O 10. Re1 Qc5 11. e5 Nd5 12. Qh5 (12. c4 Nb4
13. Ba3 Qa5 14. Re3 c5 15. Bxh7+ Kxh7 16. Qh5+ Kg8 17. Rh3 f6 18. Qh7+ Kf7 19.
exf6 Rg8 20. fxg7 Bb7 21. Qf5+ Ke7 22. Re1+ Kd6 23. Rh6# {
1-0 Helin,T-Tuovinen,J/Helsinki 1997/EXT 99 (23)}) 12... g6 13. Qh6 Re8 14. c4
Nb6 15. Bg5 Qf8 16. Qh4 Ba6 17. Re3 f5 18. Bf6 Qf7 19. Bxf5 Nxc4 20. Bxg6 Qxg6
21. Rg3 Qxg3 22. Qxg3+ {1-0 Palos,O-Steinberger,H/Porz 1991/EXT 97 (22)}) 9.
O-O 9... Re8 $146 (9... d6 10. Bg5 h6 11. Bh4 Re8 12. Re1 Re6 13. e5 Rxe5 14.
Rxe5 dxe5 15. Bh7+ {1-0 Hager,I-Schmidt Bundschuh,S/Lingen 1995/Juniors (15)})
(9... h6 10. e5 Nd5 11. c4 Nb4 12. Be2 a5 13. a3 Na6 14. Bb2 d5 15. exd6 Qxd6
16. Qe1 Qe6 17. Qc3 f6 18. Rfe1 Qf7 19. Bf3 Be6 20. Bxc6 Rab8 21. Rxe6 Nc5 22.
Ree1 Kh8 23. a4 Rb6 24. Bd5 Qg6 25. Ba3 {
1-0 Chandler,P-Leinweber,M/Giessen 1995/GER (25)}) 10. Re1 Rb8 (10... d6 11.
Qf3 $11) 11. Bg5 (11. e5 11... Nd5 $14) 11... d6 (11... h6 12. Bh4 g5 13. Bg3
$11) 12. c4 $15 (12. Qf3 12... Re6 $11) 12... Re5 $11 (12... h6 13. Bf4 $15)
13. Bxf6 $17 (13. f4 Rxg5 14. fxg5 $14) 13... Qxf6 (13... gxf6 $6 14. c3 $14)
14. Qc1 Rh5 15. Be2 Rh4 (15... Ra5 16. c3 $15) 16. Qe3 $17 (16. Bd3 Rh6 17. Rb1
17... Rb6 $15) 16... Qe5 {Mit der Mattdrohung Qxh2} 17. Qg3 $17 (17. h3 Rxe4
18. Qxa7 $14) 17... Rxe4 18. Qxe5 Rxe5 19. f4 Re6 20. Bd3 c5 21. f5 21... Re5
$17 (21... Rxe1+ 22. Rxe1 Kf8 23. Kf2 $19) 22. Rxe5 {Droht Matt} 22... dxe5 23.
Rd1 f6 24. c3 (24. Be4 24... Kf7 $17) 24... Kf7 25. Be4 Ke7 26. Rb1 Rxb1+ 27.
Bxb1 Kd6 28. Bc2 (28. Kf2 28... Ba6 $17) 28... Ba6 29. Bd3 Bb7 30. g3 Bf3 31.
Kf2 e4 32. Be2 $2 (32. Bf1 $19 $142) 32... Bxe2 33. Kxe2 Ke5 34. g4 (34. Ke3
$19 {haette noch versucht werden koennen}) 34... h5 (34... Kf4 $142 {
laesst dem Gegner kaum Chancen} 35. h3 $19) 35. gxh5 35... Kxf5 {
Schwarz erlangt Initiative} 36. Ke3 Ke5 37. Kf2 Kf4 38. h3 (38. Ke2 {
hilft allerdings auch nicht} 38... f5 $19) 38... f5 39. a3 (39. Ke2 {
nuetzt auch nichts mehr} 39... Kg3 40. Ke3 f4+ 41. Kxe4 41... f3 $19) 39... Kg5
40. Ke3 Kxh5 41. Kf2 f4 42. Kf1 Kh4 43. Kg2 f3+ (43... g5 $142 {
und Schwarz gewinnt} 44. a4 a5 45. Kf1 Kxh3 46. Kf2 $19) 44. Kf2 Kxh3 45. Ke3
Kg2 46. Kxe4 f2 47. Kd5 f1=Q 48. Kxc5 Qd1 (48... Qd3 {
damit wuerde Schwarz es sich noch erleichtern} 49. Kb5 a5 50. a4 $19) 49. Kb4
0-1

[Event "ICS Rated blitz match"]
[Site "204.178.125.65"]
[Date "1999.10.07"]
[Round "?"]
[White "BugChess"]
[Black "Hossa"]
[Result "1-0"]
[WhiteElo "2239"]
[BlackElo "2506"]
[PlyCount "81"]
[EventDate "1999.??.??"]

1. e4 Nc6 2. Nf3 d5 3. exd5 Qxd5 4. Nc3 Qa5 5. Bb5 Bd7 6. O-O O-O-O 7. Qe2 Nf6
8. Bxc6 Bxc6 9. Ne5 Be8 10. Rd1 e6 11. d4 Qb4 12. Nc4 Rg8 13. Bg5 b5 14. Na3 c6
15. Bxf6 gxf6 16. Rab1 Rxd4 17. g3 Rxd1+ 18. Qxd1 Qh4 19. Qd3 Bxa3 20. bxa3 f5
21. a4 f4 22. axb5 fxg3 23. hxg3 c5 24. Ne4 Qe7 25. b6 Bc6 26. Qa6+ Kd8 27.
bxa7 Bxe4 28. a8=Q+ Bxa8 29. Qxa8+ Kd7 30. Rb7+ Kd6 31. Qa6+ Ke5 32. Rxe7 Kf6
33. Qd6 Ra8 34. Rc7 Kg6 35. Qe7 Rd8 36. Qxf7+ Kg5 37. Qxe6 Rd1+ 38. Kh2 Re1 39.
f4+ Kh5 40. g4+ Kh4 41. Rxh7# {Hossa checkmated} 1-0

[Event "ICS Rated blitz match"]
[Site "204.178.125.65"]
[Date "1999.10.09"]
[Round "?"]
[White "BugChess"]
[Black "Hossa"]
[Result "0-1"]
[WhiteElo "2254"]
[BlackElo "2482"]
[PlyCount "86"]
[EventDate "1999.??.??"]

1. e4 c5 2. Nf3 d6 3. d4 Nf6 4. Nc3 cxd4 5. Nxd4 e6 6. Be2 Be7 7. O-O O-O 8. f4
Nc6 9. Be3 d5 10. Nxc6 bxc6 11. e5 Nd7 12. b3 a5 13. Bd2 Ba6 14. Bxa6 Rxa6 15.
Re1 Bb4 16. Kh1 Nc5 17. a3 Bxc3 18. Bxc3 Ne4 19. Qe2 Qb6 20. Bd2 c5 21. Be3 f6
22. exf6 Rxf6 23. a4 Ra8 24. Qb5 Qc7 25. Rf1 Rb8 26. Qd3 Rh6 27. Kg1 Rf8 28.
Rfd1 g5 29. g3 gxf4 30. Bd2 Rg6 31. Qa6 fxg3 32. h4 Nxd2 33. Rxd2 Qe5 34. Qe2
Qxa1+ 35. Qd1 Qf6 36. Rg2 Qf2+ 37. Rxf2 gxf2+ 38. Kh2 f1=Q 39. Qxf1 Rxf1 40. h5
Rg5 41. b4 Rf6 42. bxc5 Rh6 43. c3 43... Rhxh5# {BugChess checkmated} 0-1

[Event "ICS Rated blitz match"]
[Site "204.178.125.65"]
[Date "1999.09.28"]
[Round "?"]
[White "BugChess"]
[Black "Hossa"]
[Result "0-1"]
[WhiteElo "2161"]
[BlackElo "2385"]
[PlyCount "146"]
[EventDate "1999.??.??"]

1. Nc3 d5 2. d4 Bf5 3. e3 Nc6 4. Bd3 Bxd3 5. cxd3 e6 6. Nf3 Bd6 7. O-O Nge7 8.
e4 O-O 9. Bd2 e5 10. dxe5 Nxe5 11. exd5 Nxd3 12. Bg5 Nc5 13. b4 Nd7 14. a3 a5
15. bxa5 Rxa5 16. Qe1 Nb6 17. Nd4 Rxa3 18. Rd1 Re8 19. Ndb5 Ra8 20. Nxd6 Qxd6
21. Qe4 Ng6 22. Qc2 Qe5 23. Qd2 f6 24. Be3 Nc4 25. Qc1 Nxe3 26. Rfe1 Nxd1 27.
Rxe5 Nxe5 28. Qxd1 Nd3 29. Kf1 Re1+ 30. Qxe1 Nxe1 31. Kxe1 Re8+ 32. Kd1 Rd8 33.
Kc2 Kf7 34. f3 g5 35. g4 Ke7 36. Kc1 Ra8 37. Kb1 h6 38. Ne2 Ra3 39. Nd4 Kd7 40.
h3 Rd3 41. Nf5 Rxf3 42. Nxh6 Kd6 43. Nf5+ Kxd5 44. h4 gxh4 45. Nxh4 Rf4 46. Nf5
Kc5 47. Nh6 b5 48. Kc1 b4 49. Kb2 Kc4 50. Nf5 Rf3 51. Ne7 b3 52. Nf5 Rxf5 53.
gxf5 Kd4 54. Kxb3 c5 55. Kc2 Kc4 56. Kd2 Kb3 57. Ke3 c4 58. Ke4 c3 59. Kd5 c2
60. Ke6 Kc4 61. Kxf6 Kd5 62. Kg6 c1=Q 63. Kf7 Qg1 64. Kf8 Qa7 65. Kg8 Ke5 66.
f6 Qg1+ 67. Kf7 Qg2 68. Ke7 Qb7+ 69. Ke8 Qc6+ 70. Kf7 Qxf6+ 71. Kg8 Qe7 72. Kh8
Kf6 73. Kg8 73... Qg7# {BugChess checkmated} 0-1

[Event "ICS Rated blitz match"]
[Site "204.178.125.65"]
[Date "1999.09.29"]
[Round "?"]
[White "BugChess"]
[Black "Hossa"]
[Result "0-1"]
[WhiteElo "2131"]
[BlackElo "2491"]
[Annotator "Fritz 5.32 (22s)"]
[PlyCount "116"]
[EventDate "1999.??.??"]

1. d4 Nf6 2. Nf3 g6 3. c4 Bg7 4. g3 O-O 5. Bg2 d6 6. O-O Nbd7 7. Nc3 e5 8. b3
8... c5 $14 (8... exd4 9. Nxd4 Re8 10. Bb2 $11) (8... Qe7 9. e4 exd4 10. Nxd4
Nc5 11. Re1 Bd7 12. Bb2 Rae8 13. Qd2 Qe5 14. b4 Na6 15. f4 Qh5 16. Nd5 Bh3 17.
Nf5 gxf5 18. Bxf6 Bxg2 19. Qc3 Qh6 20. Kxg2 fxe4 21. g4 c6 22. Bxg7 Qxg7 23.
Nf6+ {Keres,P-Becker,A/Zandvoort 1936/HCL/1-0 (40)}) 9. dxe5 dxe5 10. Bb2 Rb8
11. Nb5 a6 12. Nd6 Qe7 13. e4 Ng4 14. Bh3 Ndf6 15. Bg2 $15 (15. Nxc8 $5 $142 {
steht zur Diskussion} 15... Rbxc8 16. Qe2 $14) 15... Rd8 $11 (15... Be6 16. b4
Rfd8 17. bxc5 17... Nxe4 $19) 16. Nxc8 Rbxc8 17. Qc2 Nd7 18. Rae1 $11 (18. Rfd1
18... b5 $14) 18... Rc6 19. Rd1 Rd6 (19... b5 20. Bh3 h5 21. Qe2 $11) 20. Rd5 (
20. Rxd6 Qxd6 21. h3 21... Nh6 $14) 20... f6 {Sichert g5} (20... b5 21. Rxd6
Qxd6 22. Rd1 $14) 21. Rfd1 Nb6 22. Rxd6 Rxd6 23. Re1 $11 (23. Rxd6 Qxd6 24. Qd2
24... Nc8 $14) 23... Qd7 24. a3 a5 25. h3 Nh6 26. Bc1 a4 27. Be3 $11 (27. b4
Rc6 28. bxc5 28... Rxc5 $16) 27... axb3 {Schwarz hat einen starken Freibauern}
28. Qc1 $17 (28. Qxb3 $142 {sieht noch spielbar aus} 28... Na4 29. Rb1 $11)
28... Na4 29. Rf1 (29. Qb1 29... b2 $19) 29... Nf7 (29... Rd3 30. Re1 $19) 30.
Qe1 (30. Nd2 b2 31. Qc2 Bh6 32. Bxh6 32... Nxh6 $19) 30... Rd3 31. Qa5 Qc6 (
31... b2 32. Kh2 $19) 32. Qa8+ 32... Rd8 {Schwarz geht zum Angriff ueber} 33.
Qa5 b6 34. Qb5 (34. Qe1 Qxe4 35. Nd2 35... Qc2 $19) 34... Qxb5 35. cxb5 Nc3 36.
Bc1 (36. Nd2 {nuetzt auch nichts mehr} 36... b2 $19) 36... Nxb5 37. Bb2 c4 38.
Re1 Rd3 (38... Bh6 $5 $142 {und Schwarz haette es noch leichter} 39. Rb1 $19)
39. a4 (39. Bf1 Rxf3 40. Bxc4 Nxa3 41. Bxa3 $19) 39... Nd4 40. Nxd4 exd4 (40...
Rxd4 41. Bxd4 exd4 42. e5 Nxe5 43. Bd5+ Kf8 44. Rxe5 fxe5 45. Bxc4 $17) 41. Bc1
(41. Bf1 {aendert den traurigen Lauf der Dinge nicht} 41... Ne5 42. Rb1 42...
Rd2 $19) 41... Ne5 42. Kf1 (42. f4 {aendert nichts mehr} 42... Nf3+ 43. Bxf3
43... Rxf3 $19) 42... Nf3 (42... c3 $5 $142 {ist genauer} 43. f4 Nf3 44. Bxf3
Rxf3+ 45. Kg2 $19) 43. Bxf3 Rxf3 44. Ba3 (44. Rd1 {hilft auch nicht mehr} 44...
f5 45. e5 45... Bxe5 $19) 44... Bf8 45. Kg2 (45. Bb2 {
hilft allerdings auch nicht} 45... Rd3 46. Ke2 46... Bb4 $19) 45... Rd3 46.
Bxf8 Kxf8 47. e5 (47. Rb1 {waere gleichermassen fruchtlos} 47... Rd2 48. h4
48... c3 $19) 47... c3 48. a5 48... bxa5 {Droht c2} 49. Kf1 49... b2 $1 {
kraeftig gespielt} 50. Ke2 Rd2+ 51. Kf3 51... c2 {Droht Matt: c1Q} 52. e6 b1=Q
(52... c1=Q 53. Rxc1 bxc1=Q 54. Kf4 Rxf2+ 55. Ke4 Qe3+ 56. Kd5 Rc2 57. e7+ Kxe7
58. g4 Qe5#) 53. e7+ Ke8 54. Rxb1 (54. g4 {aendert nichts am Ausgang der Partie
} 54... Qxe1 55. Kf4 Rxf2+ 56. Kg3 Rd2+ 57. Kf4 Qe3#) 54... cxb1=Q 55. g4 Qh1+
56. Kg3 (56. Kf4 {holt die Kuh nicht vom Eis} 56... Rxf2+ 57. Kg3 Rf3+ 58. Kh4
Qxh3#) 56... Rd3+ 57. f3 Rxf3+ 58. Kh4 Rxh3# (58... Qxh3#) 0-1

[Event "ICS Rated blitz match"]
[Site "204.178.125.65"]
[Date "1999.09.26"]
[Round "?"]
[White "BugChess"]
[Black "Hossa"]
[Result "0-1"]
[WhiteElo "2192"]
[BlackElo "2484"]
[PlyCount "112"]
[EventDate "1999.??.??"]

1. Nc3 d5 2. d4 Bf5 3. e3 Nc6 4. Nf3 Nb4 5. Bb5+ c6 6. Ba4 e6 7. a3 Na6 8. Ne5
f6 9. Nxc6 bxc6 10. Bxc6+ Kf7 11. Bxa8 Qxa8 12. g4 Bg6 13. f4 f5 14. gxf5 Bxf5
15. Qe2 Nc7 16. Qh5+ g6 17. Qd1 Nf6 18. Bd2 Qb7 19. b3 Bg4 20. Qc1 Bg7 21. O-O
Rf8 22. Qb2 Kg8 23. Rae1 Qc6 24. b4 a6 25. Qb3 Nb5 26. Nxb5 axb5 27. Ra1 Ne4
28. Qd3 Bh3 29. Rfe1 Rf7 30. Bc1 Ra7 31. Bb2 Ra4 32. Qd1 Bf5 33. Rc1 Bf6 34.
Qe2 Bh4 35. Rf1 Bh3 36. Rfd1 Nf2 37. Rd2 Bf5 38. Qf1 Nh3+ 39. Kg2 Qd7 40. Qd1
Qe8 41. c3 Qd7 42. Qb3 Bg4 43. Rf1 Qf7 44. Kh1 Ng5 45. Rc1 Bf3+ 46. Kg1 Ne4 47.
Rdc2 Qf5 48. Rg2 Bxg2 49. Qd1 Qh3 50. Rc2 Bf3 51. Qd3 Nf2 52. Rxf2 Bxf2+ 53.
Kxf2 Qg2+ 54. Ke1 Qg1+ 55. Qf1 Qxe3+ 56. Qe2 56... Qxe2# {BugChess checkmated}
0-1

[Event "ICS Rated blitz match"]
[Site "204.178.125.65"]
[Date "1999.10.07"]
[Round "?"]
[White "BugChess"]
[Black "Hossa"]
[Result "0-1"]
[WhiteElo "2255"]
[BlackElo "2494"]
[PlyCount "82"]
[EventDate "1999.??.??"]

1. e4 Nf6 2. e5 Nd5 3. d4 d6 4. Nf3 g6 5. c3 Bg7 6. Bb5+ Bd7 7. Qb3 Nb6 8. Ng5
e6 9. exd6 cxd6 10. Bxd7+ Qxd7 11. O-O O-O 12. Re1 Nc6 13. Nd2 d5 14. Ndf3 Rae8
15. Bd2 f6 16. Nh3 g5 17. Nhxg5 fxg5 18. Nxg5 Rf5 19. Nf3 Ref8 20. Rac1 Rxf3
21. gxf3 Bxd4 22. f4 Bc5 23. Be3 Bd6 24. Bxb6 axb6 25. Qxb6 Bxf4 26. Rcd1 e5
27. Kh1 Qh3 28. Rg1+ Kh8 29. Rg2 Bxh2 30. Rf1 Bf4+ 31. Kg1 Rg8 32. Rxg8+ Kxg8
33. Rd1 e4 34. Rxd5 Bh2+ 35. Kh1 Bc7+ 36. Kg1 Bxb6 37. Rg5+ Kh8 38. b4 e3 39.
Rf5 exf2+ 40. Rxf2 Ne5 41. b5 41... Nf3# {BugChess checkmated} 0-1

[Event "ICS Rated blitz match"]
[Site "204.178.125.65"]
[Date "1999.09.23"]
[Round "?"]
[White "Byzantine"]
[Black "Hossa"]
[Result "0-1"]
[WhiteElo "2080"]
[BlackElo "2375"]
[PlyCount "26"]
[EventDate "1999.??.??"]

1. e4 e5 2. Nf3 Nc6 3. Bb5 a6 4. Ba4 d6 5. O-O Bg4 6. h3 Bxf3 7. Qxf3 b5 8. Bb3
Nf6 9. c3 Be7 10. d4 exd4 11. Bf4 O-O 12. Re1 Ne5 13. Qg3 13... Nh5 {
Byzantine resigns} 0-1

[Event "ICS Rated blitz match"]
[Site "204.178.125.65"]
[Date "1999.10.06"]
[Round "?"]
[White "Diepeveen"]
[Black "Hossa"]
[Result "0-1"]
[WhiteElo "2357"]
[BlackElo "2517"]
[PlyCount "114"]
[EventDate "1999.??.??"]

1. e4 c5 2. Nf3 Nc6 3. d4 cxd4 4. Nxd4 Nf6 5. Nc3 e5 6. Ndb5 d6 7. Bg5 a6 8.
Na3 Be7 9. Nc4 Nd4 10. Bxf6 Bxf6 11. Nd5 Bg4 12. Qxg4 Nxc2+ 13. Kd1 Nxa1 14.
Ncb6 Rb8 15. Bd3 Nb3 16. axb3 Bg5 17. h4 Bf6 18. h5 Bg5 19. Kc2 O-O 20. Kb1 f5
21. exf5 Kh8 22. Qe4 Rf7 23. b4 Qg8 24. b5 axb5 25. Bxb5 Qd8 26. Rh3 Bh6 27.
Qg4 Bd2 28. Rd3 Be1 29. Qe2 Ba5 30. Nc4 Rxf5 31. h6 gxh6 32. Rf3 Rg5 33. g3 Ra8
34. Rf7 Rg7 35. Qf3 Be1 36. Rxg7 Kxg7 37. Qe3 Qf8 38. Na3 Bxf2 39. Qe4 Kh8 40.
Bd3 Qg7 41. Nf6 Qf7 42. Ng4 Bxg3 43. Nxh6 Qd7 44. Qf3 Bf4 45. Qh5 Rf8 46. Bf5
Qg7 47. Ng4 d5 48. Nb5 Rd8 49. Nc3 Qc7 50. Nxd5 Qc1+ 51. Ka2 Ra8+ 52. Kb3 Qd1+
53. Kc3 Qd2+ 54. Kc4 Qd4+ 55. Kb3 Qxd5+ 56. Kc2 Qc4+ 57. Kb1 57... Qc1# {
Diepeveen checkmated} 0-1

[Event "ICS Rated blitz match"]
[Site "204.178.125.65"]
[Date "1999.10.06"]
[Round "?"]
[White "Diepeveen"]
[Black "Hossa"]
[Result "1-0"]
[WhiteElo "2356"]
[BlackElo "2518"]
[PlyCount "90"]
[EventDate "1999.??.??"]

1. e4 c5 2. Nf3 Nc6 3. d4 cxd4 4. Nxd4 Nf6 5. Nc3 e5 6. Ndb5 d6 7. Bg5 a6 8.
Na3 Be7 9. Nc4 Nd4 10. Bxf6 Bxf6 11. Nd5 Bg4 12. Qxg4 Nxc2+ 13. Kd1 Nxa1 14.
Ncb6 Rb8 15. Bd3 Nb3 16. axb3 Bg5 17. Ke2 O-O 18. Rd1 f5 19. exf5 Kh8 20. Kf1
Bh4 21. g3 Bg5 22. h4 Bf6 23. Rc1 Rf7 24. Kg1 Qe8 25. Qa4 Qd8 26. Be4 h6 27.
Bf3 Be7 28. Qe4 Bf6 29. Bh5 Rf8 30. Bg6 a5 31. Rc7 Ra8 32. Nxa8 Qxa8 33. Nxf6
Rxf6 34. Qxb7 Qg8 35. Re7 Rf8 36. Qd7 Rd8 37. Qxd8 Qxd8 38. Re8+ Qxe8 39. Bxe8
Kg8 40. Bc6 Kf7 41. Bd5+ Kf6 42. g4 e4 43. Bxe4 Ke5 44. f3 d5 45. Bc2 45... Kf4
{Hossa resigns} 1-0

[Event "ICS Rated blitz match"]
[Site "204.178.125.65"]
[Date "1999.09.22"]
[Round "?"]
[White "Dobieman"]
[Black "Hossa"]
[Result "0-1"]
[WhiteElo "1516"]
[BlackElo "1860"]
[PlyCount "70"]
[EventDate "1999.??.??"]

1. c4 c5 2. Nc3 Nc6 3. Nf3 d6 4. g3 e6 5. Bg2 d5 6. cxd5 exd5 7. d4 cxd4 8.
Nxd4 Bb4 9. Nc2 Bxc3+ 10. bxc3 Nge7 11. O-O O-O 12. Re1 Bf5 13. Nd4 Be4 14.
Nxc6 Nxc6 15. Ba3 Re8 16. Bc5 Qa5 17. Bd4 Bxg2 18. Kxg2 Re7 19. e3 Rae8 20. Qb3
Qd8 21. Rab1 b6 22. Rb2 Na5 23. Qc2 Qd7 24. Rbb1 Nc4 25. Rbd1 Re4 26. Qd3 Nb2
27. Qc2 Nxd1 28. Rxd1 R4e7 29. c4 Rc8 30. c5 bxc5 31. Bxc5 Qc6 32. Rc1 Re4 33.
Qb2 Rc4 34. Rxc4 dxc4+ 35. Kg1 35... Qxc5 {Dobieman resigns} 0-1

[Event "ICS Rated blitz match"]
[Site "204.178.125.65"]
[Date "1999.09.13"]
[Round "?"]
[White "DrHugoELO"]
[Black "Hossa"]
[Result "1-0"]
[WhiteElo "2151"]
[BlackElo "2421"]
[PlyCount "123"]
[EventDate "1999.??.??"]

1. d4 Nf6 2. c4 d6 3. Nc3 g6 4. e4 Bg7 5. g3 O-O 6. Bg2 e5 7. Nge2 Nfd7 8. Be3
f5 9. f4 fxe4 10. Nxe4 exd4 11. Bxd4 Bh6 12. O-O Nc6 13. Bc3 Rb8 14. a4 Rf7 15.
b4 Qe7 16. b5 Nd8 17. Nd4 Nc5 18. Qf3 Nxe4 19. Qxe4 Qxe4 20. Bxe4 Bh3 21. Rfe1
Kf8 22. Rad1 a6 23. Bd5 Rd7 24. Rd2 axb5 25. axb5 Ra8 26. Rde2 Nf7 27. Ne6+
Bxe6 28. Bxe6 Re7 29. Bf6 Ree8 30. Bd5 Rxe2 31. Rxe2 Re8 32. Rxe8+ Kxe8 33.
Bxb7 Kf8 34. Bd5 Bg7 35. Bxg7+ Kxg7 36. Bxf7 Kxf7 37. Kf2 h5 38. Ke3 Kf6 39.
Ke4 Ke6 40. h3 Kf6 41. g4 hxg4 42. hxg4 Ke7 43. f5 gxf5+ 44. Kxf5 Kf7 45. g5
Kf8 46. Kf6 Ke8 47. Kg7 Kd8 48. g6 Ke7 49. Kh7 Kf6 50. g7 Ke5 51. g8=Q Kd4 52.
Qd5+ Kc3 53. b6 c6 54. Qxc6 Kd3 55. b7 Ke3 56. b8=Q Kf2 57. Qf8+ Ke2 58. Qe4+
Kd2 59. Qxd6+ Kc3 60. Qdd3+ Kb4 61. Qb7+ Kc5 62. Qdd5# {Hossa checkmated} 1-0

[Event "ICS Rated blitz match"]
[Site "204.178.125.65"]
[Date "1999.09.13"]
[Round "?"]
[White "DrHugoELO"]
[Black "Hossa"]
[Result "1/2-1/2"]
[WhiteElo "2160"]
[BlackElo "2412"]
[PlyCount "122"]
[EventDate "1999.??.??"]

1. d4 Nf6 2. Nc3 d5 3. Bg5 Nbd7 4. Nf3 e6 5. e4 Bb4 6. e5 h6 7. Bh4 g5 8. Nxg5
hxg5 9. Bxg5 Be7 10. exf6 Nxf6 11. Bd3 Bd7 12. Qf3 Ng8 13. Bxe7 Nxe7 14. O-O-O
Nc6 15. Ne2 Nb4 16. Kb1 b6 17. g3 Bc6 18. h4 Bd7 19. h5 Nxd3 20. Rxd3 Bb5 21.
Ra3 c5 22. dxc5 bxc5 23. Nf4 d4 24. Re1 Bd7 25. Nd3 c4 26. Ne5 Rh7 27. g4 Bb5
28. Qe4 f5 29. gxf5 d3 30. Nxc4 Bxc4 31. Qxc4 dxc2+ 32. Qxc2 Rxh5 33. Rxe6+ Kf7
34. Qc4 Qd1+ 35. Qc1 Qxc1+ 36. Kxc1 Rxf5 37. Re2 a5 38. Rc3 Rd8 39. Kc2 Kg6 40.
Rc6+ Kg5 41. a3 Rdf8 42. b4 Rxf2 43. Rxf2 Rxf2+ 44. Kb3 axb4 45. axb4 Kf5 46.
Rd6 Ke5 47. Rd1 Rf6 48. Kc4 Rc6+ 49. Kb5 Rc8 50. Kb6 Rb8+ 51. Kc5 Rc8+ 52. Kb5
Rb8+ 53. Ka4 Ra8+ 54. Kb3 Rb8 55. Kc4 Rc8+ 56. Kb3 Rb8 57. Rd2 Ke6 58. Rd3 Rb6
59. Rd2 Rb8 60. Rd3 Rb6 61. Rd2 61... Rb8 {Game drawn by repetition} 1/2-1/2

[Event "ICS Rated blitz match"]
[Site "204.178.125.65"]
[Date "1999.09.02"]
[Round "?"]
[White "EXchess"]
[Black "Hossa"]
[Result "1-0"]
[WhiteElo "2421"]
[BlackElo "2467"]
[PlyCount "187"]
[EventDate "1999.??.??"]

1. e4 e6 2. d4 d5 3. Nc3 dxe4 4. Nxe4 Nd7 5. Nf3 Be7 6. Bd3 Ngf6 7. O-O Nxe4 8.
Bxe4 c5 9. Re1 cxd4 10. Qxd4 O-O 11. Bf4 Nc5 12. Rad1 Qxd4 13. Rxd4 Rd8 14.
Rxd8+ Bxd8 15. Bd6 Nxe4 16. Rxe4 f6 17. Rb4 e5 18. c4 b6 19. Kh1 a5 20. Rb3 Ra7
21. c5 Rd7 22. Ng1 bxc5 23. Bxc5 Bb7 24. a3 g6 25. Rc3 e4 26. Rc1 Rd3 27. Nh3
f5 28. Be3 Bf6 29. a4 Bd8 30. Kg1 Rb3 31. Rd1 Bf6 32. Bg5 Bxg5 33. Nxg5 Rd3 34.
Rc1 Rd2 35. h4 e3 36. fxe3 Rxg2+ 37. Kf1 Rh2 38. Rc7 Ba6+ 39. Ke1 Rxh4 40. Ra7
Rh1+ 41. Kd2 Bc4 42. Rxa5 h6 43. Nf3 Rb1 44. b4 Be6 45. Nd4 Bf7 46. b5 Kg7 47.
Ra6 Bg8 48. b6 Bd5 49. Ra5 Be4 50. Rb5 Ra1 51. b7 Bxb7 52. Rxb7+ Kf6 53. Rb6+
Kg7 54. Ne6+ Kf7 55. Ra6 Ra3 56. a5 Ke7 57. Ke2 Kf7 58. Nd8+ Kg7 59. Ra7+ Kf6
60. a6 h5 61. Rf7+ Ke5 62. a7 g5 63. Rd7 Kf6 64. Rd6+ Ke7 65. Rd3 Ra2+ 66. Rd2
Ra6 67. Nc6+ Kf7 68. Rd8 h4 69. a8=Q Rxa8 70. Rxa8 Kg6 71. Rg8+ Kh6 72. Nd4 f4
73. e4 h3 74. Ne6 h2 75. Rh8+ Kg6 76. Rxh2 g4 77. Nxf4+ Kg5 78. Rh5+ Kf6 79.
e5+ Ke7 80. e6 Kd6 81. Rg5 g3 82. e7 g2 83. e8=Q Kc7 84. Qd7+ Kxd7 85. Rxg2 Ke8
86. Rg6 Kd8 87. Rg7 Ke8 88. Nh5 Kd8 89. Nf6 Kc8 90. Kd3 Kb8 91. Kc4 Ka8 92. Kb5
Kb8 93. Kb6 Ka8 94. Rg8# {Hossa checkmated} 1-0

[Event "ICS Rated blitz match"]
[Site "204.178.125.65"]
[Date "1999.09.15"]
[Round "?"]
[White "Elzy"]
[Black "Hossa"]
[Result "0-1"]
[WhiteElo "2070"]
[BlackElo "2411"]
[PlyCount "38"]
[EventDate "1999.??.??"]

1. e4 e6 2. d4 d5 3. Nd2 Nf6 4. e5 Nfd7 5. Bd3 c5 6. c3 Qg5 7. Qf3 Nc6 8. Ne2
Qd8 9. Qg4 b6 10. Nf3 cxd4 11. cxd4 f5 12. Qh5+ g6 13. Qh3 Bb4+ 14. Nc3 Bb7 15.
Bh6 Qc7 16. Bg7 Nc5 17. Bxh8 Nxd3+ 18. Ke2 Nf4+ 19. Ke3 19... Nxh3 {
Elzy resigns} 0-1